| 000 | 01428nam a2200253 a 4500 | ||
|---|---|---|---|
| 001 | 000021968 | ||
| 005 | 20240229073944.0 | ||
| 008 | 100915t1979 dr abc 001 0 spa d | ||
| 040 |
_aDO-SdBNP _bspa _cBNPHU |
||
| 082 |
_a972.93 _bC531t |
||
| 100 | 1 |
_aChez Checo, José, _d1949- _910145 |
|
| 245 | 1 | 0 |
_aTemas históricos / _cJosé Chez Checo. |
| 260 |
_aSan Pedro de Macorís : _bUniversidad Central del Este, _c1979. _fTaller |
||
| 300 |
_a201 p. : _bil., mapas, retr. ; _c24 cm. |
||
| 490 | 1 |
_aHistórica _v1 |
|
| 504 | _aIncluye bibliografía y notas al pie de páginas. | ||
| 504 | _aIncluye bibliografía al final de capítulos. | ||
| 505 | 0 |
_aA manera de presentación -- _tSignificación histórica del Sermón de Montesinos -- _tConsecuencias del descubrimiento de América -- _tLa factoría colombina en Santo Domingo -- _tNotas sobre los orígenes y desarrollo del problema fronterizo -- _tColonización y azúcar en el Brasil del siglo XVI -- _tLa religión en el viejo imperio maya -- _tAcerca de la cultura -- _tLa teoría demográfica de Thomas R. Malthus -- _tLas ideas políticas de Miguel Bakunin (1814-1876) -- _tEl positivismo en Augusto Comte. |
|
| 651 | 4 |
_aRepública Dominicana _xHistoria _xEnsayos, Conferencias, Etc. _97095 |
|
| 651 | 4 |
_aAmerica Latina _xHistoria _y1500-1900 _xEnsayos, Conferencias, Etc. _945549 |
|
| 830 | 0 |
_aHistórica _n1 _945550 |
|
| 910 | _aValidado. Control de calidad EMS. | ||
| 049 | _aBNPD | ||
| 999 |
_c21466 _d21466 |
||